| 000 | 00407nam a22001577a 4500 | ||
|---|---|---|---|
| 999 |
_c10452 _d10452 |
||
| 003 | OSt | ||
| 008 | 210212b ||||| |||| 00| 0 eng d | ||
| 020 | _a9789382322573 | ||
| 100 | _aVinod D. Rangari | ||
| 245 | _aPharmacognosy and Phytochemistry Vol.2 | ||
| 250 | _a3rd | ||
| 260 |
_aNashik (Maharashtra) _bPharma Career Publications _c2020 |
||
| 300 | _a518 | ||
| 650 | _aPharmacognosy | ||
| 942 |
_2ddc _cBK |
||